000 01248cam a22003857a 4500
003 CHAP
005 20220817042427.0
008 971013s1985 r 00010 d
010 _a44390
011 _a45362
035 _a49501
040 _cCHAP
090 _aFolleto 10134y
110 _aFAO
245 1 0 _aPautas para la preparación de proyectos de inversión agrícola
260 _aRoma :
_bFAO,
_c1985
300 _a64 p.
_b: mapas ; gráfs.
410 _aFAO
490 0 _aDocumento técnico del centro de inversiones
_v; 1
590 _aBATCH-UPD
_b10
_c20130110
_lUCH01
_h0023
590 _aBATCH-UPD
_b10
_c20130110
_lUCH01
_h1031
590 _aBATCH-UPD
_b10
_c20130409
_lUCH01
_h2003
590 _aBATCH-UPD
_b10
_c20130410
_lUCH01
_h0633
590 _aBATCH-UPD
_b10
_c20130913
_lUCH01
_h2059
590 _aBATCH-UPD
_b10
_c20130914
_lUCH01
_h1212
590 _aCONVERSION
_b10
_c20130109
_lUCH01
_h1324
650 1 4 _aAgricultura
_xAspectos económicos.
650 1 4 _aAgricultura
_xFinanzas.
_91486
650 1 4 _aPolítica agrícola.
_990283
810 0 _aFAO
830 0 _aDocumento técnico del centro de inversiones
_v; 1
_933243
901 _aBK
942 _cFOLL
949 _aFolleto 10134y
_bBC
_cFAO
_d-111654
_eFAO1
_i49501
_mD
_si
999 _c44390
_d44390